Central Michigan Alumni - Statistics

General Stats
  • This quiz has been taken 5 times
  • The average score is 4 of 6
Answer Stats
Hint Answer % Correct
Former wide receiver who played for the Pittsburgh Steelers, New England Patriots and Tampa Bay Buccaneers Antonio Brown
80%
Actor, "Dumb and Dumber" "The Martian" "The Newsroom" Jeff Daniels
80%
Former defensive end and three time NFL Defensive Player of the Year who played most notably for the Houston Texans J.J. Watt
80%
Actor and comedian, "Home Improvement" "Last Man Standing" "Toy Story" Tim Allen
80%
Governor of Kentucky from 2015 to 2019 Matt Bevin
60%
Actor best known for his role as John Locke in "Lost" Terry O'Quinn
40%
No matching quizzes found
Score Distribution
Percent of People with Each Score
Percentile by Number Answered
Your Score History
You have not taken this quiz